000 00697nam a2200217Ia 4500
005 20240628103050.0
008 210716s2003 xx 000 0 und d
020 _a8178085372
040 _cAIMIT LIBRARY
041 _aeng
082 _a005.1331
_21
_bTONC
100 _aTondo, Clovis L.
_9171875
245 _aC++ primer answer book /
_cBy Clovis L Tondo and BruceP Leung.
250 _a1st ed.
260 _aNew Delhi :
_bPearson Education ;
_c2003.
300 _ax,430p. ;
_bPB
_c24 cm.
650 _aAbstract container types
_9171876
650 _aClass initialization assignment and destruction
_9171877
700 _aLeung, Bruce P.
_9171878
942 _2ddc
_cBK
_e1st ed.
_k005.1331 TONC
999 _c186096
_d186096